000 00697nam a2200253Ia 4500
003 OSt
005 20220918165344.0
006 a|||||r|||| 00| 0
007 ta
008 220917b |||||||| |||| 00| 0 eng d
020 _a416 77720 1
024 _a32,851
037 _cTextual
040 _aARTS
_cARTS
_beng
041 _2eng
_aeng
082 _aO111,2J86,2, K8
100 _aFord J
_923935
245 0 _aChronicle history of Perkin Warbecl
_b A strange truth ed by Peter Ure
260 _aLondon
_bMethuen UK
_c1968
300 _alxxxis, 190p.
_ccm.
650 _aENGLISH LITERATURE
942 _hO111,2J86,2, K8
_cTEXL
_2CC
999 _c129479
_d129479